BIBLIOTHÈQUE DE LA MAISON DU MEXIQUE

Logo 1 Logo 2

Los dioses en los códices mexicanos del grupo Borgia (notice nᵒ 10603)

détails MARC
000 -Sello discográfico
campo de control de longitud fija 01662nam a2200457 4500
005 - Identificación de versión
campo de control 20251017062849.0
010 ## - Número Estándar Internacional de Libros (ISBN)
Número (ISBN) 968-16-1029-6
035 ## - Otros números de control del sistema
Número de control del sistema 9991
099 ## - fechas locales
Tipo de ítem Koha LIBRO
100 ## - Datos de procesamiento general
Datos de procesamiento general 20040115d19731993m y1spay5003 ba
101 1# - Idioma del recurso
Idioma del texto, banda sonora, etc. Español; Castellano
Idioma de la obra original Alemán
105 ## - Campo de datos codificados: Material textual, monográfico
Datos codificados de monografía a 001zy
200 1# - Título y mención de responsabilidad
Título propio Los dioses en los códices mexicanos del grupo Borgia
Designación general del material texto impreso
Otra información del título una investigación iconográfica
Primer mención de responsabilidad Bodo Spranz
Declaración de responsabilidad subsiguiente traducción María Martínez Peñaloza
205 ## - Declaración de edición
Declaración de edición 1a ed y 2a reimpr de la 1a ed
210 ## - Publicación, distribución, etc.
Lugar de publicación, distribución, etc. México
Nombre del editor, distribuidor, etc. Fondo de Cultura Económica
Fecha de publicación, distribución, etc. 1973, 1993
215 ## - Descripción física
Designación de material específico y extensión del ítem 517 p
Otras características físicas il., h. pleg.
Dimensiones 24 cm
318 ## - Nota de acción
Acción No se presta a domicilio
327 1# - Nota de contenidos
Texto de la nota con 32 ilustraciones y 1791 figuras en el texto
345 ## - Nota de información de adquisición
Fuente de adquisición/dirección de la suscripción [OBSOLETO] Donación. Donación del FCE
410 #1 - Series
Título Sección de Obras de Antropología
454 #1 - Traducción de
Título Göttergestalten in den maxikanischen Bilderhandschriften der Codex Borgia-Gruppe
606 ## - Término temático usado como materia
Elemento de entrada Escritura pictográfica mexicana
Número Koha 5437
606 ## - Término temático usado como materia
Elemento de entrada Indios de México
Subdivisión temática Religión y mitología
Número Koha 825
606 ## - Término temático usado como materia
Elemento de entrada Manuscritos mexicanos
Número Koha 3396
660 ## - Código de área geográfica
Código MX
700 ## - Nombre personal - Responsabilidad primaria
Elemento de entrada Spranz
Parte del nombre distinta del elemento de entrada Bodo
Fechas 1920-2007
Número Koha 17106
702 ## - Nombre personal - Responsabilidad secundaria
Elemento de entrada Martínez Peñaloza
Parte del nombre distinta del elemento de entrada María Teresa
Fechas 1924-2016
Número Koha 3568
801 #0 - Fuente de origen
País FR
Agencia cm
Reglas de catalogación (convenciones descriptivas) AFNOR
900 ## -
-- 1/6014
900 ## -
-- 7100417775\150104
942 ## - ELEMENTOS DE ENTRADA SECUNDARIOS (KOHA)
Tipo de ítem Koha Livre
996 ## -
-- MEX
-- 751145101
-- MMAG
-- 003148
-- R972.01 S767D
-- 20120716LIV
996 ## -
-- MEX
-- 751145101
-- MMAG
-- 003149
-- 972.01 S767D
-- 20210719LIV
Exemplaires
Estatus retirado Estado de daño Estado de pérdida Fecha de adquisición Biblioteca de origen Biblioteca actual Ubicación en estantería Código de barras Precio de reemplazo Signatura topográfica completa No para préstamo Tipo de ítem Koha Nota pública Nota no pública
      05/08/2025 Casa México Paris Casa México Paris   003148 05/08/2025 R972.01 S767D No se presta a domicilio Livre 20120716LIV 751145101